000
00285nam a2200109Ia 4500
008
190911s9999||||xx |||||||||||||| ||und||
100
_a
Eitan M. Gurari
245
3
_a
An Introduction To The Theory of Computation
260
_a
New York
_b
Mc Graw Hill
_c
1989
300
_a
314
942
_c
BK
999
_c
6636
_d
6636